Catálogo de la Biblioteca Horacio González - Universidad Nacional de General Sarmiento

Alfa Tau! (Registro nro. 54756)

Detalles MARC
000 -CABECERA
campo de control de longitud fija 00806ngm a22002890a 4500
001 - NÚMERO DE CONTROL
campo de control PT25727
003 - IDENTIFICADOR DEL NÚMERO DE CONTROL
campo de control AR-LpoUNG
005 - FECHA Y HORA DE LA ÚLTIMA TRANSACCIÓN
campo de control 20210202000405.0
007 - CAMPO FIJO DE DESCRIPCIÓN FÍSICA--INFORMACIÓN GENERAL
campo de control de longitud fija vd cvaizq
008 - DATOS DE LONGITUD FIJA--INFORMACIÓN GENERAL
campo de control de longitud fija 191001s1942||||it |||||||||||||||||ita d
040 ## - FUENTE DE LA CATALOGACIÓN
Centro catalogador/agencia de origen AR-LpoUNG
Lengua de catalogación spa
Centro/agencia transcriptor AR-LpoUNG
Normas de descripción aacr
041 ## - CÓDIGO DE LENGUA
Código de lengua del texto/banda sonora o título independiente ita
044 ## - CÓDIGO DEL PAÍS DE LA ENTIDAD EDITORA/PRODUCTORA
Código MARC del país it
082 0# - NÚMERO DE LA CLASIFICACIÓN DECIMAL DEWEY
Número de clasificación 320.53 437alf
100 1# - ENTRADA PRINCIPAL--NOMBRE DE PERSONA
Nombre de persona De Robertis, Francesco María
Término indicativo de función/relación dir.
245 10 - MENCIÓN DE TÍTULO
Título Alfa Tau!
260 ## - PUBLICACIÓN, DISTRIBUCIÓN, ETC.
Lugar de publicación, distribución, etc. s.l. :
Nombre del editor, distribuidor, etc. s.n.,
Fecha de publicación, distribución, etc. [1942].
300 ## - DESCRIPCIÓN FÍSICA
Extensión DVD (90 min.) : son., byn
505 0# - NOTA DE CONTENIDO CON FORMATO
Nota de contenido con formato Diálogos en italiano, sin subtítulos. Hecha en 1942
520 ## - SUMARIO, ETC.
Sumario, etc. Film de propaganda fascista realizada durante la guerra, dirigido por un capitán de marina.
653 ## - TÉRMINO DE INDIZACIÓN--NO CONTROLADO
Término no controlado CINE Y TOTALITARISMO
653 ## - TÉRMINO DE INDIZACIÓN--NO CONTROLADO
Término no controlado DVD
653 ## - TÉRMINO DE INDIZACIÓN--NO CONTROLADO
Término no controlado FASCISMO
653 ## - TÉRMINO DE INDIZACIÓN--NO CONTROLADO
Término no controlado VIDEOS
905 ## - ELEMENTOS DE DATOS E LOCAL, LDE (RLIN)
a 25727
942 ## - ELEMENTOS DE PUNTO DE ACCESO ADICIONAL (KOHA)
Tipo de ítem Koha DVD
Existencias
Estado de retiro Estado de pérdida Estado dañado No para préstamo Código de colección Localización permanente Ubicación/localización actual Fecha de adquisición Total de préstamos Signatura topográfica completa Código de barras Fecha visto por última vez Precio válido a partir de Tipo de ítem Koha
        Colección Cine Biblioteca Universidad Nacional de General Sarmiento Biblioteca Universidad Nacional de General Sarmiento 02/02/2021   320.53 437alf 00025027 02/02/2021 02/02/2021 DVD